Plant Cell Components - Cytoplasm - Statistics

General Stats
  • This quiz has been taken 5 times
  • The average score is 4 of 14
Answer Stats
Protoplast Answer % Correct
Mitochondria
80%
Golgi apparatus
40%
Ribosomes
40%
Actin Filaments
20%
Cytosol
20%
Endoplasmic Reticulum
20%
Microtubules
20%
Oil bodies
20%
Perixisomes
20%
Cytoplasm Plasma Membrane
20%
Plastids
20%
Tonoplast
20%
Vacuoles
20%
Vesicles
20%
No matching quizzes found
Score Distribution
Percent of People with Each Score
Percentile by Number Answered
Your Score History
You have not taken this quiz